000 00634nmm a2200217Ia 4500
008 251105s9999||||xx |||||||||||||||||und||
020 _a9789560006189
041 _aspa
100 _aPérez, Sebastián
245 0 _aCazadores de eclipses: bitácora planetaria
264 _a[Santiago de Chile, Chile] :
_bLOM Ediciones,
_c2015
300 _a208 páginas
490 _aNarrativa
650 _aAges 9-12 Years Old
700 _aPérez, Sebastián
700 1 _a Pérez, Valentina
700 1 _a Albornoz, Daniel
700 1 _a Sepúlveda, Amanda
856 _uhttps://public.digitaliapublishing.com/a/41652
942 _cCF
999 _c69961
_d69961